[Event "British Chess Championships 2023: British Championship"]
[Site "The Venue, De Montfort University, 20 Western Boulevard, Leicester, LE2 7BU"]
[Date "2023.07.25"]
[Round "4"]
[Board "15"]
[White "Kanyamarala, Trisha"]
[Black "Villiers, Thomas"]
[Result "1/2-1/2"]
[WhiteElo "2344"]
[BlackElo "2140"]
[PlyCount "0"]
[EventDate "2023.07.22"]
[EventRounds "9"]
[EventCountry "ENG"]

1. d4 Nf6 2. c4 a6 3. Nc3 b5 4. cxb5 axb5 5. Nxb5 e5 6. e3 e4 7. Nc3 d5 8. a3 Bd6
9. Nge2 Ba6 10. g3 Nbd7 11. Bg2 c6 12. O-O h5 13. f3 exf3 14. Bxf3 Qc7 15. e4 dxe4
16. Nxe4 Nxe4 17. Bxe4 h4 18. Bf4 hxg3 19. hxg3 g5 20. Bxg5 Bxg3 21. Qb3 Bh2+ 22.
Kg2 Nc5 23. dxc5 Bxe2 24. Rf6 Rg8 25. Bg6 O-O-O 26. Qh3+ Rd7 27. Qxh2 Qxh2+ 28. Kxh2
Rxg6 29. Rxg6 fxg6 30. Re1 Bc4 31. Re8+ Kb7 32. Bf4 Rd3 33. Re7+ Ka6 34. Rg7 Bd5
35. Rxg6 Kb5 36. Bd6 Rd2+  1/2-1/2

[Event "British Chess Championships 2023: British Championship"]
[Site "The Venue, De Montfort University, 20 Western Boulevard, Leicester, LE2 7BU"]
[Date "2023.07.25"]
[Round "4"]
[Board "16"]
[White "Bates, Richard A"]
[Black "Pollack, Oscar"]
[Result "1/2-1/2"]
[WhiteElo "2324"]
[BlackElo "2096"]
[PlyCount "0"]
[EventDate "2023.07.22"]
[EventRounds "9"]
[EventCountry "ENG"]

1. d4 e6 2. Nf3 Nf6 3. e3 b6 4. Bd3 Bb7 5. O-O c5 6. b3 Nc6 7. Bb2 d5 8. Nbd2 Bd6
9. Qe2 O-O 10. a3 Rc8 11. Ne5 Ne7 12. dxc5 Bxc5 13. Rad1 Qc7 14. e4 Bd6 15. exd5
Nexd5 16. g3 Nc3 17. Bxc3 Qxc3 18. Nec4 Qd4 19. c3 Qc5 20. Ne4 Bxe4 21. Bxe4 Nxe4
22. Qxe4 Bb8 23. a4 b5  1/2-1/2

[Event "British Chess Championships 2023: British Championship"]
[Site "The Venue, De Montfort University, 20 Western Boulevard, Leicester, LE2 7BU"]
[Date "2023.07.25"]
[Round "4"]
[Board "17"]
[White "Rudd, Jack"]
[Black "Merriman, James"]
[Result "1-0"]
[WhiteElo "2276"]
[BlackElo "2067"]
[PlyCount "0"]
[EventDate "2023.07.22"]
[EventRounds "9"]
[EventCountry "ENG"]

1. d4 Nf6 2. c4 e6 3. Nc3 Bb4 4. e3 b6 5. Nge2 Ne4 6. Qc2 Bb7 7. a3 Bxc3+ 8. Nxc3
Nxc3 9. Qxc3 O-O 10. Qc2 f5 11. f3 c5 12. dxc5 bxc5 13. Bd3 Qh4+ 14. Qf2 Qxf2+ 15.
Kxf2 Nc6 16. Bd2 Ne5 17. Be2 d5 18. cxd5 exd5 19. Bc3 Nc6 20. Rhd1 Rad8 21. b4 d4
22. exd4 cxd4 23. Bb2 a6 24. Rac1 Rd6 25. Rc5 g6 26. Bc4+ Kg7 27. Bd5 Rfd8 28. Bxd4+
Nxd4 29. Bxb7 Ne6 30. Rcd5 Rxd5 31. Rxd5 Rxd5 32. Bxd5 Nc7 33. Bc4 Kf6 34. Ke3 Ke5
35. f4+ Kd6 36. a4 a5 37. bxa5 Kc5 38. Kd3 Kb4 39. a6 Kxa4 40. a7 Ka5 41. Bd5  1-0

[Event "British Chess Championships 2023: British Championship"]
[Site "The Venue, De Montfort University, 20 Western Boulevard, Leicester, LE2 7BU"]
[Date "2023.07.25"]
[Round "4"]
[Board "18"]
[White "Merriman, John"]
[Black "Smith, Olivia"]
[Result "1-0"]
[WhiteElo "2274"]
[BlackElo "2042"]
[PlyCount "0"]
[EventDate "2023.07.22"]
[EventRounds "9"]
[EventCountry "ENG"]

1. d4 Nf6 2. c4 g6 3. f3 d6 4. e4 Bg7 5. Nc3 O-O 6. Bg5 Nc6 7. Nge2 a6 8. Qd2 Na5
9. Nc1 c5 10. d5 b5 11. cxb5 Nd7 12. Rb1 Ne5 13. b3 axb5 14. Bxb5 c4 15. b4 Nb7 16.
a4 Bd7 17. Bxd7 Qxd7 18. O-O Rfc8 19. a5 Nd8 20. Be3 h5 21. h3 f6 22. f4 Nef7 23.
N1e2 e5 24. f5 g5 25. Ra1 g4 26. h4 Kh7 27. Na4 Qb5 28. Nb6 c3 29. Nxc3 Qxb4 30.
Nxc8 Rxc8 31. Rfc1 g3 32. a6 Rxc3 33. Rxc3 Qxe4 34. a7 Qxh4 35. Kf1 Ng5 36. a8=Q
Ne4 37. Qd3 Nf7 38. Qe8 Nf2 39. Bxf2 gxf2 40. Qh3  1-0

[Event "British Chess Championships 2023: British Championship"]
[Site "The Venue, De Montfort University, 20 Western Boulevard, Leicester, LE2 7BU"]
[Date "2023.07.25"]
[Round "4"]
[Board "19"]
[White "Beaumont, Chris R"]
[Black "Gardiner, Eric D"]
[Result "1-0"]
[WhiteElo "2262"]
[BlackElo "1843"]
[PlyCount "0"]
[EventDate "2023.07.22"]
[EventRounds "9"]
[EventCountry "ENG"]

1. Nf3 d5 2. g3 Nf6 3. Bg2 e6 4. O-O c5 5. c4 dxc4 6. Na3 Be7 7. Nxc4 O-O 8. b3 Nc6
9. Bb2 Rb8 10. d4 b5 11. Nce5 Nxe5 12. Nxe5 Bb7 13. dxc5 Bxc5 14. Rc1 Bxg2 15. Kxg2
Qxd1 16. Rfxd1 Bb6 17. Bd4 Bxd4 18. Rxd4 Rb7 19. Kf3 g6 20. e4 Kg7 21. Rd6 Ra8 22.
Ra6 Rd8 23. Ke3 h5 24. f3 Ne8 25. Rcc6 Nc7 26. Ra5 a6 27. Nd3 Ra8 28. Nb4 Rba7 29.
Kd4 Kf8 30. Rb6 Rd8+ 31. Ke3 Rd1 32. Rb8+ Ne8 33. Rxa6 Rxa6 34. Nxa6 Ke7 35. Rb7+
Kf6 36. Rxb5 Rh1 37. h4 Rh3 38. Kf4 Kg7 39. e5 Kh6 40. Rb7 f6 41. Rb8 fxe5+ 42. Kxe5
Ng7 43. Rh8+  1-0

[Event "British Chess Championships 2023: British Championship"]
[Site "The Venue, De Montfort University, 20 Western Boulevard, Leicester, LE2 7BU"]
[Date "2023.07.25"]
[Round "4"]
[Board "20"]
[White "Alldritt, Nigel Re"]
[Black "Turner, Max N"]
[Result "0-1"]
[WhiteElo "1962"]
[BlackElo "2252"]
[PlyCount "0"]
[EventDate "2023.07.22"]
[EventRounds "9"]
[EventCountry "ENG"]

1. d4 d5 2. c4 e6 3. Nf3 Nf6 4. g3 Bb4+ 5. Bd2 Be7 6. Bg2 O-O 7. O-O c6 8. Qc2 Nbd7
9. Bf4 b6 10. Rd1 Ba6 11. Ne5 Rc8 12. cxd5 cxd5 13. Nc6 Nh5 14. Bc1 Nb8 15. Nxe7+
Qxe7 16. Qd2 Nc6 17. b3 Qd7 18. Ba3 Rfd8 19. Nc3 Nf6 20. Rac1 Rc7 21. Rc2 Rdc8 22.
Rdc1 Ne7 23. Bxe7 Qxe7 24. Nb1 Ne8 25. e3 Nd6 26. Rxc7 Rxc7 27. Rxc7 Qxc7 28. Qc3
Qd7 29. Nd2 h5 30. h4 Be2 31. Bf3 Bxf3 32. Nxf3 f6 33. Qc2 Nf5 34. Qc3 Ne7 35. Kg2
Qc6 36. Qd3 Nf5 37. Nd2 a5 38. a4 Kf7 39. Kh2 g6 40. Nf3 Nd6 41. Nd2 Kg7 42. Kg2
Qc1 43. f3 Qd1 44. Kf2 Kf7 45. Qc3 Nf5 46. Nf1 Ne7 47. Nd2 g5 48. hxg5 fxg5 49. Nf1
Qb1 50. Kg2 g4 51. fxg4 hxg4 52. Nd2 Qe1 53. Qd3 Nf5 54. Nf1 Kf6  0-1

[Event "British Chess Championships 2023: British Championship"]
[Site "The Venue, De Montfort University, 20 Western Boulevard, Leicester, LE2 7BU"]
[Date "2023.07.25"]
[Round "4"]
[Board "21"]
[White "Starley, Robert"]
[Black "Kolbus, Dietmar"]
[Result "1/2-1/2"]
[WhiteElo "2064"]
[BlackElo "2270"]
[PlyCount "0"]
[EventDate "2023.07.22"]
[EventRounds "9"]
[EventCountry "ENG"]

1. e4 c6 2. d4 d5 3. e5 Bf5 4. h4 h5 5. Bg5 Na6 6. Bd3 Bxd3 7. Qxd3 Qd7 8. c3 Nh6
9. Bxh6 Rxh6 10. Nf3 Qg4 11. O-O Qg6 12. Qe2 Qf5 13. Nbd2 Nc7 14. g3 O-O-O 15. Ng5
e6 16. Qf3 Qxf3 17. Ndxf3 Rd7 18. Rfe1 Kd8 19. Kf1 Ke8 20. a4 a5 21. Rab1 Na6 22.
Ra1 Be7 23. Reb1 Rh8 24. Ke2 Rc7 25. Rc1 Rf8 26. Nh7 Rh8 27. Nhg5 Rc8 28. Kd3 Ra8
29. Nd2 Ra7 30. Nb3 b6 31. Ke3 Rf8 32. Nh7 Rh8 33. Ng5 Rf8 34. Nh7 Rg8 35. Ng5 Rf8
 1/2-1/2

[Event "British Chess Championships 2023: British Championship"]
[Site "The Venue, De Montfort University, 20 Western Boulevard, Leicester, LE2 7BU"]
[Date "2023.07.25"]
[Round "4"]
[Board "22"]
[White "Boswell, Jacob Connor"]
[Black "Koiza, Peter"]
[Result "1-0"]
[WhiteElo "2163"]
[BlackElo "1963"]
[PlyCount "0"]
[EventDate "2023.07.22"]
[EventRounds "9"]
[EventCountry "ENG"]

1. c4 Nf6 2. Nf3 e6 3. e3 d5 4. Nc3 Be7 5. b3 O-O 6. Bb2 b6 7. cxd5 exd5 8. Be2 Bb7
9. O-O Nbd7 10. Rc1 a6 11. Qc2 Re8 12. Rfd1 Rc8 13. Qb1 Bd6 14. h3 c5 15. a4 d4 16.
exd4 Nh5 17. d5 Nf4 18. Bc4 Ne5 19. Nxe5 Bxe5 20. Qf5 Rc7 21. Re1 Bc8 22. Qe4 Qg5
23. h4 Qxh4 24. g3 Nh3+ 25. Kg2 Qf6 26. f4 Rce7 27. Qf3 Bxf4 28. Rxe7 Rxe7 29. d6
Qxd6 30. Ne4 Rxe4 31. Qxe4 Qxd2+ 32. Be2 Bb7 33. Qxb7 Qxe2+ 34. Kxh3 Qh5+ 35. Kg2
Qe2+ 36. Kh3 Qh5+ 37. Kg2 Qe2+ 38. Kh1 Qh5+ 39. Kg1 Be3+ 40. Kf1 Qf5+ 41. Kg2 Qf2+
42. Kh1 h5 43. Rd1 Qc2 44. Qa8+ Kh7 45. Qd5 f5 46. Qf3 Bh6 47. Be5 b5 48. Qd3  1-0

[Event "British Chess Championships 2023: British Championship"]
[Site "The Venue, De Montfort University, 20 Western Boulevard, Leicester, LE2 7BU"]
[Date "2023.07.25"]
[Round "4"]
[Board "23"]
[White "Dignam, Matthew P"]
[Black "Mihalik, Agoston"]
[Result "0-1"]
[WhiteElo "2055"]
[BlackElo "2136"]
[PlyCount "0"]
[EventDate "2023.07.22"]
[EventRounds "9"]
[EventCountry "ENG"]

1. e4 c5 2. Nf3 e6 3. g3 Nc6 4. Bg2 Nf6 5. Nc3 e5 6. d3 d6 7. h3 Be6 8. O-O h6 9.
Ne1 d5 10. f4 dxe4 11. f5 Bd5 12. Nxd5 Qxd5 13. Be3 Rd8 14. Qe2 c4 15. dxe4 Nd4 16.
Bxd4 Qxd4+ 17. Kh2 Qxb2 18. Nf3 Qc3 19. Rab1 b6 20. Rfe1 Bc5 21. Bf1 O-O 22. Kg2
Bb4 23. a3 Qxa3 24. Ra1 Qc3 25. Rxa7 b5 26. Rb7 Rb8 27. Rxb8 Rxb8 28. Rd1 Ra8 29.
g4 Ra2 30. Rd8+ Kh7 31. Qd1 Rxc2+ 32. Be2 Rc1 33. Qd2 Qxd2 34. Nxd2 Bxd2 35. Rxd2
b4 36. Rd6 b3 37. Rb6 Nxe4 38. Rb4 Rc2 39. Kf3 b2  0-1

[Event "British Chess Championships 2023: British Championship"]
[Site "The Venue, De Montfort University, 20 Western Boulevard, Leicester, LE2 7BU"]
[Date "2023.07.25"]
[Round "4"]
[Board "24"]
[White "Cox, Toby"]
[Black "Saunders, Aron"]
[Result "0-1"]
[WhiteElo "1967"]
[BlackElo "2113"]
[PlyCount "0"]
[EventDate "2023.07.22"]
[EventRounds "9"]
[EventCountry "ENG"]

1. e4 c6 2. d4 d5 3. exd5 cxd5 4. c4 Nf6 5. Nc3 Nc6 6. Bg5 dxc4 7. Bxc4 h6 8. Bf4
g5 9. Bg3 a6 10. Nf3 Bg7 11. O-O O-O 12. d5 Nb8 13. h4 g4 14. Ne5 Bf5 15. Re1 Nbd7
16. Qd2 Rc8 17. Nxd7 Qxd7 18. Bb3 b5 19. Bf4 Kh7 20. Rad1 Rfd8 21. Qe3 Re8 22. Ne2
a5 23. a3 Bg6 24. Ng3 h5 25. Rd2 Qb7 26. Bg5 Rcd8 27. Red1 Rd7 28. f4 gxf3 29. Qxf3
Ng4 30. Bc2 Qb6+ 31. Kh1 Kg8 32. Bxg6 fxg6 33. Qe2 Be5 34. Ne4 Rf8 35. Rf1 Rf5 36.
Nf2 Nxf2+ 37. Rxf2 Rxf2 38. Qxf2 Qxf2 39. Rxf2 Rxd5 40. g4 Rd1+ 41. Kg2 Bd4 42. Rc2
Kf7 43. gxh5 gxh5 44. Kf3 Ke6 45. Ke4 Be5 46. Rc6+ Rd6 47. Rc5 Rd4+ 48. Ke3 Rd5 49.
Rxd5 Kxd5 50. Bxe7 Bxb2 51. Kd3 Be5 52. Bd8 a4 53. Kc2 Bd6 54. Kb2 Ke4 55. Bf6 Be5+
 0-1

[Event "British Chess Championships 2023: British Championship"]
[Site "The Venue, De Montfort University, 20 Western Boulevard, Leicester, LE2 7BU"]
[Date "2023.07.25"]
[Round "4"]
[Board "25"]
[White "Badacsonyi, Frankie"]
[Black "Shearsby, Jude"]
[Result "1-0"]
[WhiteElo "1966"]
[BlackElo "2076"]
[PlyCount "0"]
[EventDate "2023.07.22"]
[EventRounds "9"]
[EventCountry "ENG"]

1. d4 Nf6 2. c4 g6 3. Nc3 Bg7 4. e4 d6 5. h3 O-O 6. Be3 e5 7. d5 Na6 8. g4 Nc5 9.
f3 a5 10. Qd2 c6 11. Nge2 cxd5 12. cxd5 Bd7 13. Nc1 Rb8 14. Nd3 Nxd3+ 15. Bxd3 b5
16. h4 h5 17. Bg5 hxg4 18. h5 gxh5 19. Rxh5 Nxh5 20. Bxd8 Rfxd8 21. fxg4 Nf4 22.
g5 Rdc8 23. Bf1 Rc5 24. Ne2 Bg4 25. Rc1 Rxc1+ 26. Nxc1 b4 27. Nd3 Ng6 28. Qe3 Rb7
29. Nf2 Bh5 30. Qc1 Bf8 31. Qc8 Re7 32. Qd8 Nh4 33. Be2 Ng2+ 34. Kd2 Bxe2 35. Kxe2
Nf4+ 36. Kd2 Kg7 37. Qxd6 Re6 38. Qc7 Bd6 39. dxe6 Bxc7 40. e7 Bb6 41. e8=Q  1-0

[Event "British Chess Championships 2023: British Championship"]
[Site "The Venue, De Montfort University, 20 Western Boulevard, Leicester, LE2 7BU"]
[Date "2023.07.25"]
[Round "4"]
[Board "26"]
[White "Jackson, Edward"]
[Black "Khoury, Theo"]
[Result "1-0"]
[WhiteElo "1942"]
[BlackElo "2066"]
[PlyCount "0"]
[EventDate "2023.07.22"]
[EventRounds "9"]
[EventCountry "ENG"]

1. e4 c5 2. Nf3 d6 3. c3 Nf6 4. Bd3 Nc6 5. h3 g6 6. O-O Bg7 7. Bc2 e5 8. Re1 O-O
9. d4 exd4 10. cxd4 cxd4 11. Nxd4 d5 12. Nxc6 bxc6 13. Nd2 Be6 14. Bb3 Rb8 15. Qc2
Qb6 16. exd5 cxd5 17. Nf3 Ne4 18. Be3 Qa5 19. Nd4 Bxd4 20. Bxd4 Qd2 21. Qd1 Qg5 22.
Be3 Qh4 23. Bxa7 Rbd8 24. Qd4 Qg5 25. Qe3 Qxe3 26. Bxe3 Rfe8 27. Bd4 Ra8 28. Red1
Nd6 29. Bc2 Rec8 30. Bd3 Nf5 31. Be5 d4 32. Bxf5 Bxf5 33. Bxd4 Be6 34. a3 f5 35.
Bc3 Kf7 36. Rd6 Rd8 37. Rad1 Rxd6 38. Rxd6 g5 39. Rb6 Ra7 40. Rb4 Bd7 41. f3 h5 42.
Kf2 g4 43. Kg3 Ra6 44. Kf4 Rg6 45. h4 gxf3 46. gxf3 Rg1 47. Rd4 Be6 48. a4 Ra1 49.
a5 Ke7 50. Rb4 Bd5 51. Rb5 Ke6 52. Rb6+ Kd7 53. Rh6 Rf1 54. Rxh5 Rxf3+ 55. Ke5 Be4
56. Rh6 Bd3 57. a6 Re3+ 58. Kd4 f4 59. a7  1-0

[Event "British Chess Championships 2023: British Championship"]
[Site "The Venue, De Montfort University, 20 Western Boulevard, Leicester, LE2 7BU"]
[Date "2023.07.25"]
[Round "4"]
[Board "27"]
[White "Shaw, Peter"]
[Black "Szekely, Virgil"]
[Result "1/2-1/2"]
[WhiteElo "2066"]
[BlackElo "1957"]
[PlyCount "0"]
[EventDate "2023.07.22"]
[EventRounds "9"]
[EventCountry "ENG"]

1. d4 d5 2. c4 e6 3. Nc3 Nf6 4. Bg5 dxc4 5. e3 c5 6. Bxc4 cxd4 7. exd4 Be7 8. Nf3
Nc6 9. O-O O-O 10. a3 Nd5 11. Bxe7 Ncxe7 12. Ne5 b6 13. Nxd5 Nxd5 14. Nc6 Qd6 15.
Bxd5 exd5 16. Rc1 f6 17. Re1 Be6 18. Nb4 Rfe8 19. Qf3 a5 20. Nd3 Rac8 21. Nf4 Bf7
22. Rxe8+ Rxe8 23. g3 Qd7 24. h4 Re4 25. Qc3 g5 26. Qc8+ Qxc8 27. Rxc8+ Kg7 28. hxg5
fxg5 29. Nh3 h6 30. Rb8 Rxd4 31. Rxb6 Rd1+ 32. Kg2 d4 33. f3 a4 34. Nf2 Rd2 35. Rb4
Bb3 36. Kf1 d3 37. Rd4 Bc2 38. g4 Kf7 39. Ne4 Rd1+ 40. Kf2 Rb1 41. Rb4 Bb3 42. Ke3
Bc2 43. Nc3 Re1+ 44. Kd2 Rf1 45. Ke3 Re1+ 46. Kd2 Rf1  1/2-1/2

[Event "British Chess Championships 2023: British Championship"]
[Site "The Venue, De Montfort University, 20 Western Boulevard, Leicester, LE2 7BU"]
[Date "2023.07.25"]
[Round "4"]
[Board "28"]
[White "Mitra, Roman C"]
[Black "Weersing, Abigail R"]
[Result "1/2-1/2"]
[WhiteElo "2171"]
[BlackElo "1919"]
[PlyCount "0"]
[EventDate "2023.07.22"]
[EventRounds "9"]
[EventCountry "ENG"]

1. c4 Nf6 2. g3 e6 3. Bg2 d5 4. d4 Be7 5. Nf3 c6 6. O-O O-O 7. Qc2 Nbd7 8. Nbd2 Qc7
9. Rd1 Re8 10. e4 dxe4 11. Nxe4 Nxe4 12. Qxe4 Nf6 13. Qe2 c5 14. Bf4 Qb6 15. dxc5
Bxc5 16. Ne5 h6 17. h4 Nh7 18. b4 Bxb4 19. Rab1 Qa5 20. Bxh6 Bc3 21. Bf4 f6 22. Qh5
Rf8 23. Rb5 Qxa2 24. Ng6 Re8 25. Ne5 Rf8 26. Ng6 Re8 27. Ne5 Rf8  1/2-1/2

[Event "British Chess Championships 2023: British Championship"]
[Site "The Venue, De Montfort University, 20 Western Boulevard, Leicester, LE2 7BU"]
[Date "2023.07.25"]
[Round "4"]
[Board "29"]
[White "Payne, Matthew J"]
[Black "Chan, Sheng Liang Bernard"]
[Result "0-1"]
[WhiteElo "2104"]
[BlackElo "2078"]
[PlyCount "0"]
[EventDate "2023.07.22"]
[EventRounds "9"]
[EventCountry "ENG"]

1. e4 c5 2. Nc3 d6 3. d4 cxd4 4. Qxd4 Nc6 5. Qd2 Nf6 6. b3 g6 7. Bb2 Bg7 8. O-O-O
O-O 9. Kb1 Be6 10. f3 Rc8 11. Nd5 Bxd5 12. exd5 Ne5 13. c4 a6 14. Nh3 Qd7 15. Nf2
b5 16. f4 Neg4 17. Nxg4 Qxg4 18. h3 Qd7 19. Qe3 Qb7 20. cxb5 axb5 21. Bxf6 Bxf6 22.
Be2 Rc3 23. Rd3 Rc5 24. Rc1 Rfc8 25. Rxc5 Rxc5 26. Bf3 Qc7 27. Qd2 b4 28. g4 h6 29.
Bd1 Kg7 30. Bc2 Qa5 31. a4 bxa3 32. Qxa5 Rxa5 33. Ka2 Rc5 34. Bb1 Bc3 35. Re3 Bb4
36. Re4 Rb5 37. h4 Kf8 38. h5 gxh5 39. gxh5 Bc5 40. Bd3 Rb4 41. Bc4 Rb7 42. Ba6 Rb6
43. Bd3 Rb8 44. Bc4 Rb4 45. Re2 Rb7 46. Re4 Kg7 47. Ba6 Rb4 48. Bc4 Kf6 49. Re2 Rb7
50. Ba6 Rb8 51. Bc4 Rg8 52. Re4 Rg2+ 53. Be2 e6 54. dxe6 fxe6 55. b4 d5 56. Re5 Bd4
 0-1

[Event "British Chess Championships 2023: British Championship"]
[Site "The Venue, De Montfort University, 20 Western Boulevard, Leicester, LE2 7BU"]
[Date "2023.07.25"]
[Round "4"]
[Board "30"]
[White "Kueh, Audrey"]
[Black "Pert, Nina P"]
[Result "1/2-1/2"]
[WhiteElo "2096"]
[BlackElo "2021"]
[PlyCount "0"]
[EventDate "2023.07.22"]
[EventRounds "9"]
[EventCountry "ENG"]

1. e4 d5 2. exd5 c6 3. c4 cxd5 4. cxd5 Nf6 5. Qa4+ Nbd7 6. Nc3 g6 7. Nf3 Bg7 8. Bc4
O-O 9. d3 a6 10. Qa3 Qc7 11. O-O Nb6 12. Be3 Nxc4 13. dxc4 Qxc4 14. Rad1 Nh5 15.
Bd4 Re8 16. Rfe1 Bg4 17. Bxg7 Kxg7 18. Ne5 Qc8 19. Rd4 Bd7 20. Qa5 b5 21. a4 Rb8
22. Nxd7 Qxd7 23. Qxa6 e5 24. Rdd1 bxa4 25. Qxa4 Qb7 26. Rd2 Rbd8 27. d6 Nf4 28.
Qe4 Qd7 29. Ne2 f5 30. Qe3 Nh5 31. Rc1 Qe6 32. Rc7+ Kg8 33. Ng3 f4 34. Qc5 fxg3 35.
hxg3 Nf6 36. Ra7 Rc8 37. Rc7 Ne4 38. Qd5 Qxd5 39. Rd3 Qd4 40. Rxd4 Nxd6 41. Rd5 Rcd8
42. Ra7 Ne4 43. Rc5 Nf6 44. Rcc7 Kh8 45. Rf7 Re6 46. f3 Red6 47. Rae7 R6d7 48. Rxd7
Nxd7 49. Re7 Kg8 50. Kf2 Nc5 51. Ke2 Rd5 52. g4 Nd3 53. Rb7 Nf4+ 54. Ke3 Nxg2+ 55.
Ke4 Rd4+ 56. Kxe5 Rf4 57. Rb3 h5 58. gxh5 gxh5 59. Rb8+ Kg7 60. Rb7+ Kg6 61. Rb8
Rf5+ 62. Ke4 Nh4 63. f4 Rf7 64. Rg8+ Kh7 65. Rg5 Kh6 66. Rb5 Ng2 67. f5 Kg5 68. Re5
h4 69. Re8 h3 70. Rg8+ Kh4 71. Rh8 Kg3 72. Rg8+ Kf2 73. Rh8 Kg3 74. Rg8+ Kh2 75.
Ke5 Rh7 76. f6 Kg1 77. Rd8 h2 78. Rd1+ Kf2 79. Rh1 Ne3 80. f7 Ng4+ 81. Ke6 Rh6+ 82.
Ke7 Rh7 83. Rxh2+  1/2-1/2

[Event "British Chess Championships 2023: British Championship"]
[Site "The Venue, De Montfort University, 20 Western Boulevard, Leicester, LE2 7BU"]
[Date "2023.07.25"]
[Round "4"]
[Board "31"]
[White "Ogunshola, Olugbemiga (Ben)"]
[Black "Burrows, Martin P"]
[Result "1/2-1/2"]
[WhiteElo "2116"]
[BlackElo "2101"]
[PlyCount "0"]
[EventDate "2023.07.22"]
[EventRounds "9"]
[EventCountry "ENG"]

1. c4 Nf6 2. Nf3 e6 3. g3 d5 4. Bg2 dxc4 5. Qa4+ Nbd7 6. Qxc4 a6 7. Qc2 c5 8. b3
b5 9. Bb2 Bb7 10. O-O Be7 11. d3 O-O 12. Nbd2 Rc8 13. Rac1 Qb6 14. Qb1 Rfd8 15. Qa1
Ne8 16. Rfd1 Bf6 17. d4 cxd4 18. Bxd4 Bxd4 19. Qxd4 Qxd4 20. Nxd4 Bxg2 21. Kxg2 Ne5
22. N2f3 Rxc1 23. Rxc1 Nxf3 24. Nxf3 f6 25. Rc6 Rd6 26. Rxd6 Nxd6 27. Nd4 Kf7 28.
Kf3 Ne8 29. Nc6 Nc7 30. Ke4 e5 31. f4 exf4 32. gxf4 g6 33. f5  1/2-1/2

[Event "British Chess Championships 2023: British Championship"]
[Site "The Venue, De Montfort University, 20 Western Boulevard, Leicester, LE2 7BU"]
[Date "2023.07.26"]
[Round "5"]
[Board "2"]
[White "Fernandez, Daniel H"]
[Black "Derakhshani, Borna"]
[Result "1-0"]
[WhiteElo "2518"]
[BlackElo "2341"]
[PlyCount "0"]
[EventDate "2023.07.22"]
[EventRounds "9"]
[EventCountry "ENG"]

1. c4 Nf6 2. Nf3 e6 3. g3 b6 4. Bg2 Bb7 5. O-O Be7 6. d4 O-O 7. Nc3 d5 8. cxd5 Nxd5
9. Nxd5 Bxd5 10. Qc2 c5 11. dxc5 bxc5 12. Rd1 Qc8 13. Bg5 f6 14. e4 Bb7 15. Be3 Kh8
16. Rac1 Na6 17. Qc4 Qc6 18. Nh4 Qb6 19. Rd7 Rae8 20. b4 Bc8 21. Rxe7 Rxe7 22. b5
Rc7 23. bxa6 Bxa6 24. Qc3 Rd8 25. e5 f5 26. Nf3 Rcd7 27. h4 Rd1+ 28. Rxd1 Rxd1+ 29.
Kh2 Qb4 30. Qc2 Rd7 31. Bxc5 Qc4 32. Qxc4 Bxc4 33. a3 Rd5 34. Bxa7 Ra5 35. Be3 Rxa3
36. h5 h6 37. Nh4 Kg8 38. Bf3 Kf7 39. g4 fxg4 40. Bxg4 Bd5 41. Kg3 Ra4 42. Ng6 Ra1
43. f3 Ra3 44. Bc5 Rc3 45. Bd6 Ba2 46. Kf2 Bd5 47. Ke2 Rc1 48. Nf4 Ba2 49. Kd2 Rc8
50. Bh3 Bb3 51. Ng6 Ba2 52. Bf1 Bb1 53. Nf4 Rc2+ 54. Ke3 Rc1 55. Bh3 Ba2 56. Kd2
Rc8 57. Bg4 Bb3 58. Ne2 Bd5 59. Nd4 Rc4 60. Nb5 Bc6 61. Nc7 Bd7 62. Kd3 Rc1 63. Na6
Bc6 64. Nc5 Bd5 65. Ke3 Rc3+ 66. Nd3 Bb3 67. Bb4 Rc4 68. Bc5 Rc2 69. f4 g6 70. Bb4
Bd5 71. hxg6+ Kxg6 72. f5+ exf5 73. Nf4+ Kg7 74. Bxf5 Bb3 75. Bxc2 Bxc2 76. Kd4 Kf7
77. Kd5 Bb3+ 78. Kd6 Ba2 79. Be1 Bb3 80. Bh4 Ke8 81. e6 Ba4 82. Nh5 Kf8 83. Bf6 Bd1
84. Ng7 Ba4 85. Bd4 Bb5 86. Nh5 Be2 87. Nf4 Bb5 88. Ke5 Ke8 89. Nd5 Ba4 90. Be3  1-0

[Event "British Chess Championships 2023: British Championship"]
[Site "The Venue, De Montfort University, 20 Western Boulevard, Leicester, LE2 7BU"]
[Date "2023.07.26"]
[Round "5"]
[Board "3"]
[White "Willow, Jonah B"]
[Black "Gasanov, Eldar"]
[Result "1-0"]
[WhiteElo "2421"]
[BlackElo "2481"]
[PlyCount "0"]
[EventDate "2023.07.22"]
[EventRounds "9"]
[EventCountry "ENG"]

1. e4 c5 2. Nf3 Nc6 3. Nc3 e5 4. Bc4 g6 5. d3 h6 6. Nd2 Bg7 7. Nf1 d6 8. h4 Nf6 9.
Ne3 Be6 10. Ned5 Ne7 11. Nxf6+ Bxf6 12. Be3 Bg7 13. a4 O-O 14. a5 Rc8 15. a6 b6 16.
Bxe6 fxe6 17. Nb5 Qd7 18. c4 Kh7 19. Qg4 Ng8 20. Bg5 Nf6 21. Bxf6 Rxf6 22. h5 g5
23. g3 Rcf8 24. O-O Qe7 25. Kg2 R8f7 26. b3 Qf8 27. Ra2 Kh8 28. f3 Kh7 29. Raf2 Kh8
30. Nc3 Qg8 31. Ne2 Bf8 32. f4 gxf4 33. Qxg8+ Kxg8 34. gxf4 Rg7+ 35. Kh3 exf4 36.
Rxf4 Rxf4 37. Rxf4 Be7 38. Nc3 Bg5 39. Rf3 Rd7 40. Nb5 Kg7 41. Kg2 Bf6 42. Kf1 Be5
43. Rf2 Kg8 44. Rg2+ Kf7 45. Ke2 Bf6 46. Rg6 Bg5 47. Kd1 Bf4 48. Kc2 Bg5 49. Kb1
Bf4 50. Ka2 Bc1 51. Kb1 Bf4 52. Kb2 Bd2 53. Ka3 Bc1+ 54. Ka4 Bg5 55. Nc3 Bd2 56.
Nb1 Bf4 57. Kb5 d5 58. cxd5 exd5 59. e5 Bxe5 60. Rxh6 Bg7 61. Rc6 Re7 62. Rd6 Be5
63. Rxd5 Ke6 64. Rd8 Rh7 65. Ra8 Rxh5 66. Rxa7 Rh4 67. Nd2 Rb4+ 68. Kc6 Bf4 69. Rb7
Rd4 70. a7 Rd6+ 71. Kb5 Rd8 72. Nc4  1-0

[Event "British Chess Championships 2023: British Championship"]
[Site "The Venue, De Montfort University, 20 Western Boulevard, Leicester, LE2 7BU"]
[Date "2023.07.26"]
[Round "5"]
[Board "4"]
[White "Jackson, James P"]
[Black "Hebden, Mark L"]
[Result "0-1"]
[WhiteElo "2390"]
[BlackElo "2436"]
[PlyCount "0"]
[EventDate "2023.07.22"]
[EventRounds "9"]
[EventCountry "ENG"]

1. e4 e5 2. Nf3 Nc6 3. Bb5 a6 4. Ba4 Nf6 5. O-O Be7 6. Re1 b5 7. Bb3 O-O 8. a4 Bb7
9. d3 d6 10. h3 Na5 11. Ba2 c5 12. Nbd2 Nd7 13. Nf1 Nb6 14. axb5 axb5 15. Ng3 Bc8
16. Be3 Nc6 17. c3 Bd7 18. Bb3 Ra5 19. Rxa5 Nxa5 20. Bc2 Qc7 21. Bc1 Ra8 22. Nh2
Nc6 23. Qf3 Ra1 24. Rf1 Qd8 25. Nf5 Bxf5 26. Qxf5 d5 27. exd5 g6 28. Qf3 Qxd5 29.
Qxd5 Nxd5 30. Bb3 Nb6 31. Be3 Rxf1+ 32. Nxf1 Na5 33. Bc2 Nd5 34. Bd2 b4 35. g3 Nb6
36. Bd1 f5 37. g4 Kf7 38. gxf5 gxf5 39. Ng3 Ke6 40. cxb4 cxb4 41. f4 Nd5 42. fxe5
Bc5+ 43. Kf1 Be3 44. Be1 Bd4 45. Bf3 Ne3+ 46. Ke2 Nc2 47. Bd2 Bxe5 48. Nxf5 Kxf5
49. Kd1 Nd4 50. Be4+ Kf6 51. Bxb4 Nac6 52. Bc5 h5 53. b4 Nd8 54. Bd5 N8e6 55. Bxe6
Nxe6 56. Be3 Nc7 57. Ke2 Nb5 58. Kf3 Kf5 59. Bc5 Bd4 60. Kg3 Bxc5 61. bxc5 Nd4 62.
Kh4 Kg6 63. Kg3 Kg5 64. h4+ Kf5 65. Kg2 Ke5 66. Kf2 Nf5 67. c6 Kd6 68. d4 Kxc6 69.
Kf3 Nxh4+ 70. Kf4 Ng6+ 71. Kg5 h4  0-1